000 00859cad a22002055a 4500
001 L156890
008 120727s2012 xxk f 000 0 eng d
035 _a(Sirsi) u156890
041 0 _aeng
110 2 _aSavills
_92020
245 0 0 _aHong Kong Briefing Residential leasing
_h[electronic resource]
260 _aHong Kong
_bSavills
_c2012
490 0 _aSavills Research Hong Kong Briefing Residential Leasing
_vJuly 2012
520 _aNotes downwards rental trends across all sectors in Hong Kong due to corporate budget restraints in meeting executive housing costs.
590 _aKA
651 4 _aHong Kong
690 _aResidential property
_96266
856 4 0 _uhttps://pdf.savills.asia/asia-pacific-research/hong-kong-research/hong-kong-residential/resl07-2012.pdf
_zView the item free of charge from the www.pdf.savills.asia website.
942 _n0
999 _c114474
_d114474